PC Tools 7.1 Instant Reference
| Main Author: | |
|---|---|
| Format: | Book |
| Language: | English |
| Published: |
Singapore :
Tech Publicationjs Pte. Ltd ,
c1992
|
| Subjects: |
MARC
| LEADER | 00000cam a2200000 7i4500 | ||
|---|---|---|---|
| 001 | 0000003948 | ||
| 005 | 20230516.0 | ||
| 008 | 991207 si eng | ||
| 020 | |a 9812142525 (pbk) | ||
| 040 | |a INS | ||
| 090 | 0 | 0 | |a QA76.76 |b .S928 1992 |
| 100 | 1 | |a Strybel, David J. | |
| 245 | 1 | 0 | |a PC Tools 7.1 Instant Reference |c David J. Strybel |
| 260 | |a Singapore : |b Tech Publicationjs Pte. Ltd , |c c1992 | ||
| 300 | |a xix, 233 p. ; |c 19 cm. | ||
| 500 | |a Includes index | ||
| 650 | 0 | |a Computer | |
| 650 | 0 | |a PC Tools(Computer program) | |
| 999 | |a 0000005192 |b BOOK |c Open Shelf |e Default branch | ||